<?xml version="1.0" encoding="UTF-8"?><?xml-stylesheet type="text/xsl" href="static/style.xsl"?><OAI-PMH xmlns="http://www.openarchives.org/OAI/2.0/" xmlns:xsi="http://www.w3.org/2001/XMLSchema-instance" xsi:schemaLocation="http://www.openarchives.org/OAI/2.0/ http://www.openarchives.org/OAI/2.0/OAI-PMH.xsd"><responseDate>2026-04-13T07:39:08Z</responseDate><request verb="GetRecord" identifier="oai:www.recercat.cat:2072/421535" metadataPrefix="marc">https://recercat.cat/oai/request</request><GetRecord><record><header><identifier>oai:recercat.cat:2072/421535</identifier><datestamp>2024-10-29T16:45:04Z</datestamp><setSpec>com_2072_98</setSpec><setSpec>col_2072_378196</setSpec></header><metadata><record xmlns="http://www.loc.gov/MARC21/slim" xmlns:dcterms="http://purl.org/dc/terms/" xmlns:xsi="http://www.w3.org/2001/XMLSchema-instance" xmlns:doc="http://www.lyncode.com/xoai" xsi:schemaLocation="http://www.loc.gov/MARC21/slim http://www.loc.gov/standards/marcxml/schema/MARC21slim.xsd">
   <leader>00925njm 22002777a 4500</leader>
   <datafield ind2=" " ind1=" " tag="042">
      <subfield code="a">dc</subfield>
   </datafield>
   <datafield ind2=" " ind1=" " tag="720">
      <subfield code="a">Mego Silva, Marianela</subfield>
      <subfield code="e">author</subfield>
   </datafield>
   <datafield ind2=" " ind1=" " tag="720">
      <subfield code="a">Universitat Autònoma de Barcelona. Departament de Medicina</subfield>
      <subfield code="e">author</subfield>
   </datafield>
   <datafield ind2=" " ind1=" " tag="720">
      <subfield code="a">Universitat Autònoma de Barcelona. Facultat de Medicina</subfield>
      <subfield code="e">author</subfield>
   </datafield>
   <datafield ind2=" " ind1=" " tag="260">
      <subfield code="c">2013</subfield>
   </datafield>
   <datafield ind2=" " ind1=" " tag="520">
      <subfield code="a">Objetivo: Determinar el significado del patrón ritmo minuto postprandial. Métodos: Se revisaron manometrías para el análisis de las alteraciones manométricas y posterior correlación con la clínica. Resultados: Los diagnósticos fueron: Trastorno motor 69, ritmo minuto 52, normales: 161. Clínicamente la presencia de crisis suboclusivas fue más frecuente en pacientes con ritmo minuto y trastorno motor que en pacientes con manometría normal, en cambio la alteración del ritmo deposicional fue más frecuente en pacientes con manometría normal. El dolor abdominal fue similar en todos. Conclusión: El ritmo minuto en ausencia de oclusión se podría considerar criterio de alteración neuropático.</subfield>
   </datafield>
   <datafield ind2=" " ind1=" " tag="520">
      <subfield code="a">Objectiu: Determinar el significat del patró ritme minut postprandial. Mètodes: Es van revisar manometrías per a l'anàlisi de les alteracions manomètriques i posterior correlació amb la clínica. Resultats: Els diagnòstics van ser: Trastorn motor 69, ritme minut 52, normals: 161. Clínicament la presència de crisis suboclusivas va ser més freqüent en pacients amb ritme minut i trastorn motor que en pacients amb manometria normal, en canvi l'alteració del ritme deposicional va ser més freqüent en pacients amb manometria normal. El dolor abdominal va ser similar en tots. Conclusió: El ritme minut en absència d'oclusió es podria considerar criteri d'alteració neuropàtic.</subfield>
   </datafield>
   <datafield tag="653" ind2=" " ind1=" ">
      <subfield code="a">Obstrucció intestinal, Cirurgia abdominal</subfield>
   </datafield>
   <datafield ind2="0" ind1="0" tag="245">
      <subfield code="a">Significado del patrón ritmo minuto en período postprandial en la manometría gastrointestinal</subfield>
   </datafield>
</record></metadata></record></GetRecord></OAI-PMH>